00300 a2200109 4500001000700000020000600007040001100013100002800024240006700052245006200119362000900181170016 a  cMagnum aAndrade, Eduardo Borges10aO jogo da peteca: mantenha sua forma fisica divertindo-selpor10aO jogo da peteca: mantenha sua forma fisica divertindo-se0 a1899